Journey across time : (Record no. 3452)

MARC details
000 -LEADER
fixed length control field 00837nam a22002297a 4500
001 - CONTROL NUMBER
control field 3452
003 - CONTROL NUMBER IDENTIFIER
control field FISKH
005 - DATE AND TIME OF LATEST TRANSACTION
control field 20250328114408.0
008 - FIXED-LENGTH DATA ELEMENTS--GENERAL INFORMATION
fixed length control field 240306b cb ||||| |||| 00| 0 eng d
020 ## - INTERNATIONAL STANDARD BOOK NUMBER
International Standard Book Number 9780078750472
040 ## - CATALOGING SOURCE
Original cataloging agency FISKH
Language of cataloging eng
Transcribing agency FISKH
Modifying agency FISKH
050 ## - LIBRARY OF CONGRESS CALL NUMBER
Classification number D21.S757
082 ## - DEWEY DECIMAL CLASSIFICATION NUMBER
Classification number 900
100 ## - MAIN ENTRY--PERSONAL NAME
Personal name Spielvogel, Jackson J.
245 ## - TITLE STATEMENT
Title Journey across time :
Remainder of title The early ages /
Statement of responsibility, etc. Jackson J. Spielvogel Ph. D.
260 ## - PUBLICATION, DISTRIBUTION, ETC.
Place of publication, distribution, etc. Orion Place :
Name of publisher, distributor, etc. Glenco,
Date of publication, distribution, etc. 2008.
300 ## - PHYSICAL DESCRIPTION
Extent 794 pages :
Other physical details color illustrations ;
Dimensions 28 cm
520 ## - SUMMARY, ETC.
Summary, etc. Incorporate classroom-tested reading strategies that give your students the tools they need to become independent learners with this all-new middle school world history program--the perfect combination of story and standards!
650 ## - SUBJECT ADDED ENTRY--TOPICAL TERM
Topical term or geographic name entry element History
942 ## - ADDED ENTRY ELEMENTS (KOHA)
Source of classification or shelving scheme Dewey Decimal Classification
Koha item type Books
Suppress in OPAC No
Holdings
Withdrawn status Lost status Source of classification or shelving scheme Damaged status Not for loan Collection Home library Current library Shelving location Date acquired Total Checkouts Full call number Barcode Date last seen Copy number Price effective from Koha item type
    Dewey Decimal Classification     Non-Fiction Footprints International School Library Network Toul Kork Campus Footprints International School Library Network Toul Kork Campus A TK Campus, 4th Floor, Room B401, Non-Fiction Bookcases(7-8) 03/28/2025   SPI 900 D21.S757 2024-0263 03/28/2025 1 03/28/2025 Books
    Dewey Decimal Classification     Non-Fiction Footprints International School Library Network Toul Tom Poung Campus Footprints International School Library Network Toul Tom Poung Campus TTP Secondary Non-Fiction Bookshelves 03/26/2025   SPI 900 D21.S757 2025-0809 03/06/2024 2 03/26/2025 Books